[Event "Tripoli (Libya)"]
[Site "?"]
[Date "2004.06.22"]
[Round "2"]
[White "Mamedyarov Shakhriyar"]
[Black "Lputian Smbat G"]
[Result "1/2-1/2"]
[WhiteElo "2660"]
[BlackElo "2634"]
[PlyCount "46"]
[EventDate "2004.??.??"]
[Source "www.chesslib.no"]
[SourceDate "2004.05.04"]

1. d4 d5 2. c4 e6 3. Nf3 Nf6 4. Nc3 Be7 5. Bg5 h6 6. Bh4 O-O 7. e3 b6 8. cxd5 Nxd5 9. Bxe7 Qxe7 10. Nxd5 exd5 11. Rc1 Be6 12. Qa4 c5 13. dxc5 bxc5 14. Qa3 Rc8 15. Be2 a5 16. Nd4 Ra6 17. Rc3 Kf8 18. b3 Ra8 19. Rc4 dxc4 20. Kf1 Bd5 21. f3 Be6 22. f4 f5 23. g4 cxd4 1/2-1/2

[Event "FIDE WCh KO"]
[Site "Tripoli"]
[Date "2004.06.22"]
[Round "2.5"]
[White "Mamedyarov, Shakhriyar"]
[Black "Lputian, Smbat G"]
[Result "1/2-1/2"]
[WhiteElo "2657"]
[BlackElo "2634"]
[PlyCount "56"]
[EventDate "2004.06.19"]
[Source "Roberto Alvarez"]
[SourceDate "2004.06.21"]

1. d4 d5 2. c4 e6 3. Nf3 Nf6 4. Nc3 Be7 5. Bg5 h6 6. Bh4 O-O 7. e3 b6 8. cxd5 Nxd5 9. Bxe7 Qxe7 10. Nxd5 exd5 11. Rc1 Be6 12. Qa4 c5 13. dxc5 bxc5 14. Qa3 Rc8 15. Be2 a5 16. Nd4 Na6 17. Bxa6 Rxa6 18. O-O Bd7 19. Nb3 Rg6 20. Kh1 Qe4 21. f3 Qxe3 22. Nxc5 Qd2 23. g4 Be6 24. Rc3 d4 25. Rcc1 Bxa2 26. Nd3 Rgc6 27. Rxc6 Rxc6 28. Ra1 Bd5 1/2-1/2

[Event "Tournament (computers)"]
[Site "Internet"]
[Date "2008.01.27"]
[Round "6"]
[White "Computer \"]
[Black "Computer \"]
[Result "1-0"]
[WhiteElo "2674"]
[BlackElo "2540"]
[PlyCount "69"]
[EventDate "2008.??.??"]
[Source "www.chesslib.no"]
[SourceDate "2004.05.04"]

1. d4 Nf6 2. Nf3 e6 3. c4 d5 4. Bg5 Be7 5. Nc3 h6 6. Bh4 O-O 7. e3 b6 8. cxd5 Nxd5 9. Bxe7 Qxe7 10. Nxd5 exd5 11. Rc1 Be6 12. Qa4 c5 13. Qa3 Rc8 14. Be2 Nd7 15. O-O Nf6 16. Ne5 Bf5 17. Bd3 Qe6 18. Bb5 a6 19. Be2 a5 20. Bb5 Rc7 21. Rfe1 Ne8 22. Be2 c4 23. Qa4 Nd6 24. Qd1 f6 25. Nf3 Rac8 26. Nh4 Ne4 27. Nxf5 Qxf5 28. Bf3 Re7 29. Qa4 Ng5 30. Bd1 Qe6 31. Bc2 f5 32. Qa3 Ne4 33. Rb1 Kf7 34. f3 Ng5 35. h4 1-0

[Event "EU-Cup Gr5"]
[Site "Athens GRE"]
[Date "1976.03.26"]
[Round "5.1"]
[White "Liberzon, Vladimir M"]
[Black "Huebner, Robert"]
[Result "1/2-1/2"]
[WhiteElo "2540"]
[BlackElo "2585"]
[PlyCount "100"]
[EventDate "1976.03.??"]
[Source "www.chesslib.no"]
[SourceDate "2004.05.04"]

1. c4 Nf6 2. Nc3 e6 3. Nf3 d5 4. d4 Be7 5. Bg5 O-O 6. e3 h6 7. Bh4 b6 8. cxd5 Nxd5 9. Bxe7 Qxe7 10. Nxd5 exd5 11. Rc1 Be6 12. Qa4 Rc8 13. Be2 c5 14. Qa3 Kf8 15. dxc5 bxc5 16. O-O Nd7 17. Rfd1 Rcb8 18. Nd2 Rb4 19. Nb3 a5 20. Bf3 Ne5 21. Nxc5 Nc4 22. Nxe6+ fxe6 23. Qd3 Kg8 24. Qc3 Rab8 25. b3 Nd6 26. Qc7 Qxc7 27. Rxc7 a4 28. Re7 Re8 29. Rxe8+ Nxe8 30. Rd3 axb3 31. axb3 Nf6 32. Kf1 Kf7 33. Ke1 Ke7 34. Bd1 e5 35. Rc3 Kd6 36. f3 d4 37. exd4 exd4 38. Rc8 Nd5 39. Rd8+ Ke6 40. Re8+ Kf7 41. Ra8 Ne3 42. Ra4 Rb5 43. Rxd4 Nxd1 44. Rxd1 Rxb3 45. Rd2 g6 46. Kf2 h5 47. h4 Rb4 48. Kg3 Kf6 49. Rd6+ Kg7 50. Rc6 Ra4 1/2-1/2

[Event "Helsinki op"]
[Site "Helsinki"]
[Date "1992.??.??"]
[Round "9"]
[White "Tukmakov, Vladimir B"]
[Black "Lerner, Konstantin Z"]
[Result "1/2-1/2"]
[WhiteElo "2570"]
[BlackElo "2530"]
[PlyCount "27"]
[EventDate "1992.09.??"]
[Source "ChessBase"]

1. d4 d5 2. c4 e6 3. Nc3 Nf6 4. Nf3 Be7 5. Bg5 O-O 6. e3 h6 7. Bh4 b6 8. cxd5 Nxd5 9. Bxe7 Qxe7 10. Nxd5 exd5 11. Rc1 Be6 12. Be2 c5 13. Qa4 Rc8 14. O-O 1/2-1/2

[Event "Bartis Memorial A 9198"]
[Site "Bartis Memorial A 9198"]
[Date "1993.??.??"]
[Round "?"]
[White "Namark, Lennart"]
[Black "Morgado, Juan Sebastian"]
[Result "1/2-1/2"]
[WhiteElo "2460"]
[BlackElo "2615"]
[PlyCount "35"]
[EventDate "1993.??.??"]
[Source "www.chesslib.no"]
[SourceDate "2004.05.04"]

1. d4 d5 2. c4 e6 3. Nf3 Nf6 4. Nc3 Be7 5. Bg5 h6 6. Bh4 O-O 7. e3 b6 8. cxd5 Nxd5 9. Bxe7 Qxe7 10. Nxd5 exd5 11. Rc1 Be6 12. Qa4 a5 13. Rc3 Rc8 14. Be2 c5 15. Qa3 Qb7 16. dxc5 bxc5 17. O-O Qb4 18. Rb3 1/2-1/2

[Event "Linares Anibal op"]
[Site "Linares"]
[Date "1999.01.10"]
[Round "3"]
[White "Sasikiran, Krishnan"]
[Black "Asrian, Karen"]
[Result "1-0"]
[WhiteElo "2470"]
[BlackElo "2600"]
[PlyCount "119"]
[EventDate "1999.01.??"]
[Source "ChessBase"]
[SourceDate "1999.03.01"]

1. d4 d5 2. c4 e6 3. Nc3 Nf6 4. Bg5 Be7 5. e3 h6 6. Bh4 O-O 7. Nf3 b6 8. cxd5 Nxd5 9. Bxe7 Qxe7 10. Nxd5 exd5 11. Rc1 Be6 12. Bd3 c5 13. dxc5 bxc5 14. O-O Nd7 15. e4 dxe4 16. Bxe4 Rad8 17. Bb1 Qf6 18. Rc3 Rb8 19. Qc2 g6 20. Qc1 Kg7 21. Nd2 Qf4 22. b3 Bd5 23. Rd3 Bc6 24. Nc4 Qxc1 25. Rxc1 Nb6 26. Nd6 Rfd8 27. Rxc5 Bd5 28. Rcxd5 Nxd5 29. Rxd5 Rbc8 30. Bd3 Rc1+ 31. Bf1 Kf8 32. Rd4 Ke7 33. Nb5 Rb8 34. Na3 Ra1 35. Rd2 Rd8 36. Re2+ Kf8 37. Nc4 f5 38. f4 g5 39. Rf2 gxf4 40. Rxf4 Rxa2 41. Rxf5+ Kg7 42. Ra5 Rc2 43. Rxa7+ Kh8 44. Rf7 Rb8 45. Rf3 Rc1 46. Kf2 Rb1 47. Nd2 Rb2 48. Ke1 Re8+ 49. Kd1 Rd8 50. Bd3 Ra2 51. Kc1 Re8 52. Kd1 Rb2 53. Rf6 Re3 54. Rxh6+ Kg7 55. Rd6 Re7 56. h4 Rf7 57. h5 Rf2 58. h6+ Kf8 59. h7 Rbxd2+ 60. Ke1 1-0

[Event "Dortmund op-A"]
[Site "Dortmund GER"]
[Date "1992.??.??"]
[Round "3"]
[White "Razuvaev, Yuri S"]
[Black "Petrosian, Arshak B"]
[Result "1/2-1/2"]
[WhiteElo "2575"]
[BlackElo "2470"]
[PlyCount "36"]
[EventDate "1992.04.??"]
[Source "www.chesslib.no"]
[SourceDate "2004.05.04"]

1. d4 Nf6 2. c4 e6 3. Nf3 d5 4. Nc3 Be7 5. Bg5 h6 6. Bh4 O-O 7. e3 b6 8. cxd5 Nxd5 9. Bxe7 Qxe7 10. Nxd5 exd5 11. Rc1 Be6 12. Qa4 a5 13. Rc3 Rc8 14. Be2 c5 15. Qa3 Qb7 16. dxc5 bxc5 17. O-O Nd7 18. Rb3 Qa7 1/2-1/2

[Event "Clarin"]
[Site "Buenos Aires"]
[Date "1979.??.??"]
[Round "12"]
[White "Najdorf, Miguel"]
[Black "Ivkov, Borislav"]
[Result "1/2-1/2"]
[WhiteElo "2515"]
[BlackElo "2525"]
[PlyCount "37"]
[EventDate "1979.11.??"]
[Source "ChessBase"]

1. Nf3 e6 2. c4 Nf6 3. Nc3 d5 4. d4 Be7 5. Bg5 h6 6. Bh4 O-O 7. e3 b6 8. cxd5 Nxd5 9. Bxe7 Qxe7 10. Nxd5 exd5 11. Rc1 Be6 12. Be2 c5 13. b3 Rc8 14. O-O a5 15. Ne5 Nd7 16. Nxd7 Qxd7 17. a4 Qd6 18. Bb5 cxd4 19. Qxd4 1/2-1/2

[Event "Moscow Ch"]
[Site "Moscow RUS"]
[Date "1971.??.??"]
[Round "?"]
[White "Lein, Anatoly Y"]
[Black "Shamkovich, Leonid A"]
[Result "1/2-1/2"]
[WhiteElo "2510"]
[BlackElo "2520"]
[PlyCount "140"]
[EventDate "1971.??.??"]
[Source "www.chesslib.no"]
[SourceDate "2004.05.04"]

1. d4 d5 2. c4 e6 3. Nf3 Nf6 4. Nc3 Be7 5. Bg5 O-O 6. e3 h6 7. Bh4 b6 8. cxd5 Nxd5 9. Bxe7 Qxe7 10. Nxd5 exd5 11. Rc1 Be6 12. Qa4 c5 13. Qa3 Rc8 14. Be2 Qb7 15. dxc5 bxc5 16. O-O Qb6 17. Rc3 Nd7 18. Rfc1 Rcb8 19. Rb3 Qd8 20. Rb5 a6 21. Rxb8 Qxb8 22. Nd2 a5 23. Nb3 Qb4 24. Kf1 Rb8 25. Qxa5 Qxa5 26. Nxa5 Rxb2 27. a4 c4 28. e4 c3 29. exd5 Bxd5 30. Bd3 Nc5 31. Rxc3 Nxd3 32. Rxd3 Rb1+ 33. Ke2 Bxg2 34. Ra3 Bd5 35. Ke3 Rb4 36. Rd3 Be6 37. Rd4 Rxd4 38. Kxd4 Bd7 39. Nc4 Bxa4 40. f4 Bd7 41. Ke4 Kf8 42. Kf3 Ke7 43. h4 h5 44. Kg3 Ke6 45. Ne3 Ba4 46. Kf3 f6 47. Kg3 Bc6 48. Nd1 Kd5 49. Nf2 Kd4 50. Nh3 Ke3 51. Nf2 Bf3 52. Nh3 Bg4 53. Nf2 g6 54. Nh1 Be2 55. Nf2 Bf1 56. Nh1 f5 57. Nf2 Ke2 58. Nh1 Ke3 59. Nf2 g5 60. Nd1+ Kd2 61. fxg5 Kxd1 62. Kf4 Ke2 63. g6 Kf2 64. Kxf5 Kf3 65. Kg5 Ke4 66. Kxh5 Kf5 67. Kh6 Bc4 68. Kg7 Kg4 69. Kf8 Kxh4 70. g7 Kg5 1/2-1/2

[Event "Madrid"]
[Site "Madrid"]
[Date "1973.??.??"]
[Round "8"]
[White "Tukmakov, Vladimir B"]
[Black "Calvo Minguez, Ricardo"]
[Result "1/2-1/2"]
[WhiteElo "2545"]
[BlackElo "2470"]
[PlyCount "85"]
[EventDate "1973.??.??"]
[Source "ChessBase"]

1. c4 Nf6 2. Nc3 e6 3. Nf3 d5 4. d4 Be7 5. Bg5 O-O 6. e3 h6 7. Bh4 b6 8. cxd5 Nxd5 9. Bxe7 Qxe7 10. Nxd5 exd5 11. Rc1 Be6 12. Qa4 c5 13. Qa3 Rc8 14. Be2 a5 15. O-O Na6 16. Bxa6 Rxa6 17. Rc3 Qa7 18. dxc5 bxc5 19. Rfc1 c4 20. Nd4 a4 21. R3c2 Rb8 22. Rd2 Qb7 23. h3 Bd7 24. Rcc2 Rg6 25. Kh2 Rb6 26. f4 Re8 27. Rf2 Qc8 28. Rcd2 c3 29. Rd3 cxb2 30. Rxb2 Rxb2 31. Qxb2 Bf5 32. Nxf5 Qxf5 33. Qb5 Qe4 34. Rd4 Qxe3 35. Qxd5 a3 36. Ra4 Qf2 37. Qd7 Rb8 38. Qd3 Qxa2 39. Qxa3 Qd5 40. Qf3 Qxf3 41. gxf3 Rb5 42. Kg3 Kh7 43. Ra6 1/2-1/2

[Event "Lvov"]
[Site "Lvov"]
[Date "1981.??.??"]
[Round "10"]
[White "Savon, Vladimir A"]
[Black "Lerner, Konstantin Z"]
[Result "1/2-1/2"]
[WhiteElo "2490"]
[BlackElo "2520"]
[PlyCount "31"]
[EventDate "1981.06.??"]
[Source "ChessBase"]

1. d4 d5 2. c4 e6 3. Nf3 Nf6 4. Nc3 Be7 5. Bg5 h6 6. Bh4 O-O 7. e3 b6 8. cxd5 Nxd5 9. Bxe7 Qxe7 10. Nxd5 exd5 11. Rc1 Be6 12. Be2 c5 13. O-O Nd7 14. Qa4 Rfc8 15. Qa3 Kf8 16. b3 1/2-1/2

[Event "14. CC World Ch Final"]
[Site "14. CC World Ch Final"]
[Date "1994.??.??"]
[Round "?"]
[White "Buj, Pablo"]
[Black "Webb, Simon"]
[Result "0-1"]
[WhiteElo "2370"]
[BlackElo "2635"]
[PlyCount "126"]
[EventDate "1994.??.??"]
[Source "www.chesslib.no"]
[SourceDate "2004.05.04"]

1. d4 Nf6 2. c4 e6 3. Nf3 d5 4. Bg5 Be7 5. e3 h6 6. Bh4 O-O 7. Nc3 b6 8. cxd5 Nxd5 9. Bxe7 Qxe7 10. Nxd5 exd5 11. Rc1 Be6 12. Qa4 c5 13. Qa3 Rc8 14. Be2 a5 15. O-O Qa7 16. b3 Nd7 17. Bb5 Rc7 18. Rfd1 Rac8 19. h3 Nf6 20. dxc5 bxc5 21. Qa4 Qb6 22. Rc2 Bf5 23. Rcc1 Rb7 24. Be2 Bd7 25. Qa3 a4 26. Ne5 Be6 27. Nd3 axb3 28. axb3 Ra7 29. Qb2 Rac7 30. Rd2 Bf5 31. Qe5 Be4 32. Nb2 Rc6 33. Bd1 Re8 34. Qc3 d4 35. Qc4 Bd5 36. Qd3 Ne4 37. Na4 Qb8 38. Rb2 dxe3 39. f3 Nf2 40. Qxd5 Rd6 41. Qc4 Nxd1 42. Re2 Rd2 43. f4 Qd6 44. Rc2 Rd4 45. Qb5 Ree4 46. Qxc5 Qxf4 47. Qc7 h5 48. Qxf4 Rxf4 49. Nc3 h4 50. Re1 Rf2 51. Nb5 Rd3 52. Rc8+ Kh7 53. Rc4 g5 54. Rd4 Rdd2 55. Rxd2 Rxd2 56. Na3 f5 57. Nc4 Rd3 58. b4 f4 59. b5 Nc3 60. b6 Ne4 61. Na5 Rd5 62. b7 Rb5 63. Kf1 Rb2 0-1

[Event "Acropolis 2007"]
[Site "Athens"]
[Date "2007.08.17"]
[Round "4.11"]
[White "Dzagnidze, Nana"]
[Black "Graf, Alexander"]
[Result "1/2-1/2"]
[WhiteElo "2404"]
[BlackElo "2595"]
[PlyCount "139"]
[EventDate "2007.08.14"]
[Source "www.chesslib.no"]
[SourceDate "2004.05.04"]

1. d4 d5 2. c4 e6 3. Nc3 Be7 4. Nf3 Nf6 5. Bg5 O-O 6. e3 h6 7. Bh4 b6 8. cxd5 Nxd5 9. Bxe7 Qxe7 10. Nxd5 exd5 11. Rc1 Be6 12. Bd3 c5 13. dxc5 bxc5 14. O-O Nd7 15. Re1 a5 16. Qc2 Rfb8 17. b3 a4 18. Nd2 axb3 19. axb3 Qf6 20. f4 c4 21. Bh7+ Kh8 22. f5 cxb3 23. Nxb3 Rc8 24. Qb1 Rxc1 25. Rxc1 Nf8 26. fxe6 Nxh7 27. exf7 Qxf7 28. Nd4 Qe7 29. Nf5 Qe5 30. Qd3 Nf6 31. Nh4 Kg8 32. Nf3 Qb2 33. Qb1 Qa3 34. Re1 Re8 35. Qb6 Qc3 36. Qd4 Qa3 37. Qb6 Kh8 38. Qd4 Re4 39. Qd2 Rb4 40. Qc1 Qd3 41. Nd4 Rc4 42. Qb1 Qxb1 43. Rxb1 Ng4 44. Nf5 Rc3 45. Re1 Rd3 46. h3 Ne5 47. Ra1 h5 48. Ra7 g6 49. Ra8+ Kh7 50. Ra7+ Kg8 51. Re7 Nf7 52. Re8+ Kh7 53. Re7 gxf5 54. Rxf7+ Kg6 55. Re7 Rd2 56. h4 Kf6 57. Re8 d4 58. exd4 Rxd4 59. g3 Rd2 60. Rh8 Ke5 61. Rxh5 Ke4 62. Rg5 f4 63. gxf4 Kxf4 64. Rg8 Ra2 65. h5 Ra5 66. h6 Rh5 67. Rg6 Kf3 68. Rf6+ Kg3 69. Rg6+ Kf3 70. Rf6+ 1/2-1/2

[Event "Moscow-ch"]
[Site "Moscow"]
[Date "1982.??.??"]
[Round "7"]
[White "Averbakh, Yuri L"]
[Black "Vasiukov, Evgeni"]
[Result "1/2-1/2"]
[WhiteElo "2490"]
[BlackElo "2495"]
[PlyCount "34"]
[EventDate "1982.02.??"]
[Source "ChessBase"]

1. d4 d5 2. Nf3 Nf6 3. c4 e6 4. Nc3 Be7 5. Bg5 h6 6. Bh4 O-O 7. Rc1 b6 8. cxd5 Nxd5 9. Nxd5 exd5 10. Bxe7 Qxe7 11. e3 Be6 12. Qa4 c5 13. Qa3 Rc8 14. Be2 Nd7 15. O-O Kf8 16. Ba6 Rc7 17. dxc5 Nxc5 1/2-1/2

[Event "Banja Luka"]
[Site "Banja Luka BIH"]
[Date "1979.04.20"]
[Round "10"]
[White "Marovic, Drazen"]
[Black "Kurajica, Bojan"]
[Result "1/2-1/2"]
[WhiteElo "2470"]
[BlackElo "2515"]
[PlyCount "28"]
[EventDate "1979.04.??"]
[Source "www.chesslib.no"]
[SourceDate "2004.05.04"]

1. d4 d5 2. c4 e6 3. Nc3 Nf6 4. Bg5 Be7 5. e3 O-O 6. Nf3 h6 7. Bh4 b6 8. cxd5 Nxd5 9. Bxe7 Qxe7 10. Nxd5 exd5 11. Rc1 Be6 12. Qa4 Rc8 13. Be2 c5 14. dxc5 bxc5 1/2-1/2

[Event "It Open"]
[Site "Zurich SUI"]
[Date "1988.??.??"]
[Round "3"]
[White "Hug, Werner"]
[Black "Campora, Daniel H"]
[Result "1/2-1/2"]
[WhiteElo "2445"]
[BlackElo "2540"]
[PlyCount "61"]
[EventDate "1988.??.??"]
[Source "www.chesslib.no"]
[SourceDate "2004.05.04"]

1. d4 d5 2. c4 e6 3. Nc3 Be7 4. Nf3 Nf6 5. Bg5 h6 6. Bh4 O-O 7. e3 b6 8. cxd5 Nxd5 9. Bxe7 Qxe7 10. Nxd5 exd5 11. Rc1 Be6 12. Qa4 Rc8 13. Be2 c5 14. Qa3 Kf8 15. dxc5 bxc5 16. O-O a5 17. Rc3 Nd7 18. Rfc1 Rcb8 19. b3 a4 20. bxa4 c4 21. Nd4 Qxa3 22. Rxa3 Nc5 23. a5 Ra6 24. f3 Rb4 25. e4 Nb7 26. exd5 Bxd5 27. Nc2 Rb2 28. Kf1 Rxa5 29. Rxa5 Nxa5 30. Ne3 Be6 31. Nxc4 1/2-1/2

[Event "CCCA"]
[Site "?"]
[Date "1996.07.15"]
[Round "?"]
[White "Tikkanen Kari"]
[Black "Brglez Francisek (SLO)"]
[Result "1-0"]
[WhiteElo "2490"]
[BlackElo "2495"]
[PlyCount "51"]
[EventDate "1996.??.??"]
[Source "www.chesslib.no"]
[SourceDate "2004.05.04"]

1. d4 Nf6 2. c4 e6 3. Nc3 d5 4. Bg5 Be7 5. Nf3 h6 6. Bh4 O-O 7. e3 b6 8. cxd5 Nxd5 9. Bxe7 Qxe7 10. Nxd5 exd5 11. Rc1 Be6 12. Bd3 c5 13. dxc5 bxc5 14. O-O Nd7 15. e4 d4 16. Qc2 Rfc8 17. b3 a5 18. a4 Qd6 19. g3 Bg4 20. Nd2 Ne5 21. f4 Nxd3 22. Qxd3 Rab8 23. Nc4 Qa6 24. f5 f6 25. e5 Re8 26. Rce1 1-0

[Event "SSKK Bulletinen40 corr"]
[Site "?"]
[Date "1994.??.??"]
[Round "?"]
[White "Hjorth, Gunnar"]
[Black "Morgado, Juan Sebastian"]
[Result "0-1"]
[WhiteElo "2445"]
[BlackElo "2540"]
[PlyCount "72"]
[EventDate "1994.??.??"]
[Source "www.chesslib.no"]
[SourceDate "2004.05.04"]

1. d4 Nf6 2. c4 e6 3. Nc3 d5 4. Bg5 Be7 5. e3 h6 6. Bh4 O-O 7. Nf3 b6 8. cxd5 Nxd5 9. Bxe7 Qxe7 10. Nxd5 exd5 11. Rc1 Be6 12. Bd3 c5 13. dxc5 bxc5 14. O-O Nd7 15. e4 d4 16. Nd2 Ne5 17. Bb1 c4 18. h3 g5 19. b3 c3 20. Nf3 Qf6 21. Nxe5 Qxe5 22. Qh5 Qg7 23. e5 Qxe5 24. Qxh6 Qg7 25. Qxg7+ Kxg7 26. f4 Kf6 27. Rce1 Rac8 28. fxg5+ Kxg5 29. Bd3 Rfd8 30. Re5+ Kh6 31. Kf2 Rd5 32. Rxd5 Bxd5 33. h4 f5 34. Bxf5 Rf8 35. g4 d3 36. Ke3 d2 0-1

[Event "Frunze"]
[Site "Frunze KGZ"]
[Date "1988.??.??"]
[Round "?"]
[White "Neverov, Valeriy"]
[Black "Dautov, Rustem"]
[Result "1/2-1/2"]
[WhiteElo "2440"]
[BlackElo "2525"]
[PlyCount "40"]
[EventDate "1988.05.??"]
[Source "www.chesslib.no"]
[SourceDate "2004.05.04"]

1. d4 Nf6 2. c4 e6 3. Nc3 d5 4. Bg5 Be7 5. Nf3 O-O 6. e3 h6 7. Bh4 b6 8. cxd5 Nxd5 9. Bxe7 Qxe7 10. Nxd5 exd5 11. Rc1 Be6 12. Be2 c5 13. dxc5 bxc5 14. O-O Nd7 15. Qc2 Rfd8 16. Rfd1 a5 17. e4 dxe4 18. Qxe4 Nf6 19. Qe5 Ng4 20. Qe4 Nf6 1/2-1/2

[Event "ARG Ch"]
[Site "Salta"]
[Date "1987.??.??"]
[Round "6"]
[White "Bronstein, Luis M"]
[Black "Campora, Daniel H"]
[Result "1/2-1/2"]
[WhiteElo "2410"]
[BlackElo "2545"]
[PlyCount "50"]
[EventDate "1987.??.??"]
[Source "www.chesslib.no"]
[SourceDate "2004.05.04"]

1. d4 d5 2. c4 e6 3. Nc3 Be7 4. Nf3 Nf6 5. Bg5 h6 6. Bh4 O-O 7. e3 b6 8. cxd5 Nxd5 9. Bxe7 Qxe7 10. Nxd5 exd5 11. Rc1 Be6 12. Bd3 c5 13. Ne5 Rc8 14. O-O Nd7 15. Qh5 c4 16. Bc2 Nxe5 17. Qxe5 b5 18. e4 Rd8 19. Rfe1 Qd7 20. Rcd1 Re8 21. f3 dxe4 22. Qxe4 g6 23. Qf4 Kg7 24. d5 Bf5 25. Be4 Rad8 1/2-1/2

[Event "Athens Akropolis"]
[Site "Athens GRE"]
[Date "1989.??.??"]
[Round "?"]
[White "Velikov, Petar V"]
[Black "Abramovic, Bosko"]
[Result "1/2-1/2"]
[WhiteElo "2465"]
[BlackElo "2485"]
[PlyCount "31"]
[EventDate "1989.??.??"]
[Source "www.chesslib.no"]
[SourceDate "2004.05.04"]

1. d4 d5 2. c4 e6 3. Nc3 Be7 4. Nf3 Nf6 5. Bg5 h6 6. Bh4 O-O 7. e3 b6 8. cxd5 Nxd5 9. Bxe7 Qxe7 10. Nxd5 exd5 11. Rc1 Be6 12. Be2 c5 13. O-O Nd7 14. b3 a5 15. Bb5 Rfc8 16. h3 1/2-1/2

[Event "BUL Ch"]
[Site "Bulgaria"]
[Date "1988.??.??"]
[Round "?"]
[White "Velikov, Petar V"]
[Black "Donchev, Dimitar I"]
[Result "1/2-1/2"]
[WhiteElo "2475"]
[BlackElo "2470"]
[PlyCount "36"]
[EventDate "1988.08.??"]
[Source "www.chesslib.no"]
[SourceDate "2004.05.04"]

1. Nf3 Nf6 2. d4 d5 3. c4 e6 4. Nc3 Be7 5. Bg5 h6 6. Bh4 O-O 7. e3 b6 8. cxd5 Nxd5 9. Bxe7 Qxe7 10. Nxd5 exd5 11. Rc1 Be6 12. Bd3 c5 13. b3 a5 14. O-O a4 15. Ne5 Nd7 16. Nxd7 Bxd7 17. dxc5 bxc5 18. Qc2 Rfc8 1/2-1/2

[Event "Ch (corr.)"]
[Site "Ch (corr.)"]
[Date "1992.??.??"]
[Round "?"]
[White "Mochalov, Evgeny V"]
[Black "Klovans, Janis"]
[Result "1/2-1/2"]
[WhiteElo "2470"]
[BlackElo "2470"]
[PlyCount "92"]
[EventDate "1992.??.??"]
[Source "www.chesslib.no"]
[SourceDate "2004.05.04"]

1. d4 d5 2. c4 e6 3. Nc3 Be7 4. Nf3 Nf6 5. Bg5 h6 6. Bh4 O-O 7. e3 b6 8. cxd5 Nxd5 9. Bxe7 Qxe7 10. Nxd5 exd5 11. Rc1 Be6 12. Bd3 c5 13. dxc5 bxc5 14. O-O Nd7 15. e4 d4 16. Re1 a5 17. a4 Bg4 18. e5 Rab8 19. h3 Bxf3 20. Qxf3 Rxb2 21. Qe4 g6 22. f4 Re8 23. Bb5 Rd8 24. f5 Nf8 25. Rf1 Qg5 26. Rce1 gxf5 27. Rxf5 Qg3 28. Bc4 Kh8 29. Rxf7 Rxg2+ 30. Qxg2 Qxe1+ 31. Rf1 Qe3+ 32. Kh1 Nh7 33. h4 Qxe5 34. Rg1 Ng5 35. hxg5 Qxg5 36. Qxg5 hxg5 37. Kg2 d3 38. Kf2 Rd4 39. Bb5 d2 40. Ke2 c4 41. Kd1 c3 42. Kc2 Re4 43. Rd1 Re1 44. Bd7 Kg7 45. Bg4 Re4 46. Bd7 Re1 1/2-1/2

[Event "CCCA"]
[Site "?"]
[Date "1996.07.15"]
[Round "?"]
[White "Tikkanen Kari"]
[Black "Zlender Boris"]
[Result "1/2-1/2"]
[WhiteElo "2490"]
[BlackElo "2440"]
[PlyCount "59"]
[EventDate "1996.??.??"]
[Source "www.chesslib.no"]
[SourceDate "2004.05.04"]

1. d4 d5 2. c4 e6 3. Nc3 Be7 4. Nf3 Nf6 5. Bg5 h6 6. Bh4 O-O 7. e3 b6 8. cxd5 Nxd5 9. Bxe7 Qxe7 10. Nxd5 exd5 11. Rc1 Be6 12. Bd3 c5 13. dxc5 bxc5 14. O-O Nd7 15. e4 d4 16. b3 a5 17. a4 Rfd8 18. Qc2 Qf6 19. Bc4 Bxc4 20. Qxc4 Qf4 21. Qd3 Re8 22. Rfe1 Rab8 23. g3 Qg4 24. Kg2 Qe6 25. Nd2 Ne5 26. Qc2 Qa6 27. Red1 Qe2 28. Re1 Qa6 29. Red1 Qe2 30. Re1 1/2-1/2

[Event "Rio Hondo"]
[Site "Rio Hondo"]
[Date "1987.??.??"]
[Round "8"]
[White "Garcia Palermo, Carlos H"]
[Black "Bronstein, Luis M"]
[Result "1/2-1/2"]
[WhiteElo "2520"]
[BlackElo "2410"]
[PlyCount "27"]
[EventDate "1987.09.??"]
[Source "www.chesslib.no"]
[SourceDate "2004.05.04"]

1. Nf3 e6 2. c4 Nf6 3. Nc3 d5 4. d4 Be7 5. Bg5 h6 6. Bh4 O-O 7. e3 b6 8. cxd5 Nxd5 9. Bxe7 Qxe7 10. Nxd5 exd5 11. Rc1 Be6 12. Qa4 c5 13. Qa3 Rc8 14. Be2 1/2-1/2

[Event "Hoogeveen Essent op"]
[Site "Hoogeveen"]
[Date "2000.10.19"]
[Round "7"]
[White "Kharitonov, Andrei Y"]
[Black "Aagaard, Jacob"]
[Result "1-0"]
[WhiteElo "2539"]
[BlackElo "2389"]
[PlyCount "51"]
[EventDate "2000.10.13"]
[Source "ChessBase"]
[SourceDate "2000.11.10"]

1. d4 d5 2. c4 e6 3. Nf3 Nf6 4. Nc3 Be7 5. Bg5 h6 6. Bh4 O-O 7. e3 b6 8. cxd5 Nxd5 9. Bxe7 Qxe7 10. Nxd5 exd5 11. Rc1 Be6 12. Qa4 c5 13. Qa3 Rc8 14. Be2 Kf8 15. dxc5 bxc5 16. O-O Nd7 17. Rfd1 Rab8 18. b3 a5 19. Qxa5 Ra8 20. Qd2 Ra3 21. Bb5 Nb6 22. Ne5 c4 23. Nc6 Qc5 24. bxc4 Bg4 25. f3 Rxe3 26. Nd4 1-0

[Event "Bundesliga 8788"]
[Site "Germany"]
[Date "1988.??.??"]
[Round "?"]
[White "Goehring, Karl Heinz"]
[Black "Spassky, Boris V"]
[Result "1/2-1/2"]
[WhiteElo "2355"]
[BlackElo "2570"]
[PlyCount "86"]
[EventDate "1987.10.??"]
[Source "ChessBase"]
[SourceDate "1999.07.01"]

1. d4 d5 2. c4 e6 3. Nc3 Nf6 4. Bg5 Be7 5. e3 O-O 6. Nf3 h6 7. Bh4 b6 8. cxd5 Nxd5 9. Bxe7 Qxe7 10. Nxd5 exd5 11. Rc1 Be6 12. Be2 c5 13. b3 Rc8 14. O-O Qb7 15. Ne5 Nc6 16. Nxc6 Rxc6 17. Bb5 Rc7 18. Qe2 a6 19. Bd3 a5 20. Bb5 cxd4 21. exd4 Rxc1 22. Rxc1 Rc8 23. Qe3 Rxc1+ 24. Qxc1 Qc8 25. Qxc8+ Bxc8 26. Kf1 Kf8 27. Ke2 Ke7 28. Kd2 Kd6 29. Kc3 Bd7 30. Bd3 Bc6 31. b4 Bd7 32. bxa5 bxa5 33. f4 Kc6 34. h4 Kb6 35. a3 Bb5 36. Bc2 Kc6 37. g4 Kd6 38. g5 Bd7 39. Kd2 f6 40. Ke3 f5 41. Kd2 Ke6 42. Bd1 Be8 43. Ke3 h5 1/2-1/2

[Event "Ptuj"]
[Site "Ptuj"]
[Date "1998.??.??"]
[Round "?"]
[White "Polajzer, Danilo"]
[Black "Petrosian, Arshak B"]
[Result "1/2-1/2"]
[WhiteElo "2420"]
[BlackElo "2500"]
[PlyCount "27"]
[EventDate "1998.??.??"]
[Source "www.chesslib.no"]
[SourceDate "2004.05.04"]

1. Nf3 Nf6 2. d4 d5 3. c4 e6 4. Nc3 Be7 5. Bg5 h6 6. Bh4 O-O 7. e3 b6 8. cxd5 Nxd5 9. Bxe7 Qxe7 10. Nxd5 exd5 11. Rc1 Be6 12. Qa4 c5 13. Qa3 Nd7 14. Be2 1/2-1/2

[Event "Lvov"]
[Site "Lvov"]
[Date "1995.??.??"]
[Round "6"]
[White "Galliamova, Alisa"]
[Black "Sulypa, Alexandre"]
[Result "1/2-1/2"]
[WhiteElo "2475"]
[BlackElo "2435"]
[PlyCount "92"]
[EventDate "1995.12.??"]
[Source "ChessBase"]

1. d4 Nf6 2. c4 e6 3. Nf3 d5 4. Nc3 Be7 5. Bg5 h6 6. Bh4 O-O 7. e3 b6 8. cxd5 Nxd5 9. Bxe7 Qxe7 10. Nxd5 exd5 11. Rc1 Be6 12. Qa4 c5 13. Qa3 Rc8 14. Be2 Kf8 15. dxc5 bxc5 16. O-O Nd7 17. Rfd1 a5 18. Bb5 Nb6 19. Qd3 Bg4 20. Rd2 a4 21. Ne1 Bh5 22. b3 Bg6 23. Qe2 Ra5 24. Bd3 Bxd3 25. Qxd3 Kg8 26. h3 axb3 27. axb3 Qa7 28. Rdc2 Ra1 29. Rxa1 Qxa1 30. Qc3 Qa7 31. Nd3 c4 32. bxc4 dxc4 33. Nf4 Qd7 34. Ne2 Qd1+ 35. Kh2 Qd6+ 36. g3 Qc5 37. Qd4 Qf5 38. e4 Qe6 39. Nc3 f5 40. Nd5 Nxd5 41. exd5 Qe4 42. Qxe4 fxe4 43. d6 c3 44. d7 Rd8 45. Rxc3 Rxd7 46. Re3 Rd4 1/2-1/2